| 000 | 00692nam a2200229 4500 | ||
|---|---|---|---|
| 003 | OSt | ||
| 005 | 20260530115256.0 | ||
| 008 | 260514t2000 xxua|||| |||| 00| 0 eng d | ||
| 040 |
_aICI _bspa _cICI |
||
| 041 | _aeng | ||
| 050 | 4 |
_aNK6196 _bP65 |
|
| 245 | 1 | 0 |
_aPhilips lighting : _bbusiness unit international sales catalogue 1999/2000 |
| 264 | 1 |
_b[Estados Unidos] : _cPhilips, _a2000 |
|
| 300 |
_a394 páginas : _bilustraciones |
||
| 336 |
_atexto _2rdacontent |
||
| 337 |
_asin medio _2rdamedia |
||
| 338 |
_avolumen _2rdacarrier |
||
| 650 | 4 |
_aLámparas _vCatálogos _930562 |
|
| 650 | 4 |
_aAlumbrado eléctrico _vCatálogos _930563 |
|
| 710 |
_aPhilips Lighting _930564 |
||
| 942 |
_2lcc _cBK _n1 |
||
| 999 |
_c12629 _d12629 |
||